1247 1724 1411 1934 1942 1895 1660 1481 1321 1738 1686 1431 1204 1978 1094 1923 1981 1251 1542 1921 1799 1668 1233 1388 1883 1738 1846 1615 1975 1160 1792 1409 1730 1164 1846 1756 1901 1101 1573 1688 1616 1023 1596 1511 1231 1639 1755 1795 1709 1757 1044 1197 1936 1078 1790 1964 1193 1868 1626 1358 1050 1880 1044 1290 1633 1307 1558 1622 1804 1001 1467 2000 1952 1448 1245 1434 1804 1101 1987 1601 1438 1297 1413 1489 1619 1811 1454 1746 1677 1983 1000 1217 1730 1652 1710 1337 1161 1144 1552 BCNSPRNW ULIB Ver.6.0+V

เปลี่ยนเป็นภาษาไทย

Change to English
 แสดงรายละเอียดบรรณานุกรม
  กลับหน้าหลัก

Brief Record : Get Marc (ISO 2709) : E-mail record : QR code < ปิดหน้าต่าง
LEADER : 00000nam 2200000uu 4500
001    13399112520
003     ULIB
008    110819s2545||||th 000 0 tha d
020    9742413967
050  4 LB2846^bส652ค 2545
245 00 ความสามารถในการแข่งขันด้านการศึกษาของประเทศไทยปี 2544 /^cสำนักงานคณะกรรมการการศึกษาแห่งชาติ
250    พิมพ์ครั้งที่ 1
260    กรุงเทพนฯ :^bสำนักงานคณะกรรมการการศึกษาแห่งชาติ,^c2545
300    78 หน้า :^bภาพประกอบ ;^c21 ซม.
440  0 สิ่งพิมพ์สกศ. ;^vอันดับที่ 88/2545
650  4 ความสามารถในการแข่งขัน^zไทย
710 2  สำนักงานคณะกรรมการการศึกษาแห่งชาติ
945    ^p0^l0^i017034
945    ^p0^l0^i017035
995    ทศพร
999 ^a ทศพร
รายการนี้ยังไม่มีแท็ก
คุณยังไม่ได้ล็อกอิน คุณสามารถมีกิจกรรมร่วมกับเว็บไซต์ได้ แต่ต้องล็อกอินก่อน ::
  ล็อกอิน

รายการสื่อสารสนเทศ

ลำดับที่ ประเภท เลขเรียก/บาร์โค้ด สถานที่ สถานะ
- ไม่พบข้อมูล -

BibComment


ยังไม่เคยถูกคอมเมนท์

คอมเมนท์ทรัพยากรรายการนี้
  คอมเมนท์: ความสามารถในการแข..


 Copyright 2026. Bcnsprnw @Library